| 000 | 00916cab a2200253 4500 | ||
|---|---|---|---|
| 001 | X96154 | ||
| 008 | 090401t1998 xxu||||| |||| 00| 0 eng d | ||
| 035 | _a(Sirsi) u90792 | ||
| 041 | _aeng | ||
| 245 | _aJames Moores v Yakeley Associates Ltd | ||
| 260 | _c1998 | ||
| 350 | _a0 | ||
| 490 |
_aConstruction Industry Law Letter _v[1998] CILL 1446-1448(3) |
||
| 520 | _aTCC 28 October 1998. Incorporation of clauses 6.1-6.3 RIBA Standard Form of Contract (SFA) - scope of clauses 6.1-6.3 of SFA - reasonableness of clauses 6.1-6.3 of SFA. Headnote from journal. | ||
| 650 | _aBREACH OF CONTRACT | ||
| 650 | _aBUILT ENVIRONMENT-BUILDING CONTRACT FORMS | ||
| 650 | _aJAMES MOORES V YAKELEY ASSOCIATES LTD | ||
| 650 | _aNEGLIGENCE | ||
| 650 | _aRIBA STANDARD FORM OF AGREEMENT | ||
| 650 | _aTERMS OF APPOINTMENT | ||
| 690 | _aBUILT ENVIRONMENT-BUILDING CONTRACT FORMS | ||
| 942 | _n0 | ||
| 948 | _c19/01/1999 | ||
| 999 |
_c57585 _d57585 |
||